LDR 00920naa#a2200181#i#450# 001 RU\\bibl\19466 005 20260516115434.6 100 ## _a20260515b2026####ek#y0rusy0150####ca 102 ## _aRU 200 1# _aСОХРАННОСТЬ ГЕОГРАФИЧЕСКИХ КУЛЬТУР СОСНЫ ОБЫКНОВЕННОЙ В ХРЕНОВСКОМ БОРУ _eСтатья/тезисы конференции 210 1# _aВоронеж _cВоронежский государственный лесотехнический университет имени Г.Ф. Морозова _d2026 215 ## _a7 с. 608 ## _aСтатья/тезисы конференции _2local 675 ## _aЛесное хозяйство. Лесоводство. 630 _z 700 #1 _aЦепляев _gАлексей Николаевич 700 #1 _aПивоваров _gМ. В. 700 #1 _aПопова _gВалентина Трофимовна 856 4# _abibl.vgltu.ru _u